Footballeurs en H (par images). - Statistiques

Statistiques générales
  • Ce quiz a été pris 732 fois
  • Le résultat moyen est 12 sur 16
Statistiques - réponses
Par images Réponse % Correct
Thierry Henry
100%
Achraf Hakimi
99%
Erling Haaland
99%
Eden Hazard
98%
Gonzalo Higuaín
87%
Mats Hummels
85%
Hulk
82%
Joe Hart
75%
Marek Hamšík
72%
Javier Hernández
68%
Samir Handanovič
67%
Gheorghe Hagi
65%
Fernando Hierro
59%
Vitorino Hilton
57%
Keisuke Honda
52%
Gabriel Heinze
40%
Aucun quiz correspondant
Distribution des résultats
% des personnes avec chaque résultat
Percentile par nombre de réponses
Votre historique - résultats
Vous n’avez pas pris ce quiz